000 00590nam a2200193Ia 4500
008 191130s1952##################000#0#eng##
020 _a9780521097031
040 _aACL
_cACL
082 _a184 HAC
100 _aHackforth, R
245 _aPlato's Phaedrus
_cR. Heckforth
260 _aCambridge
_bCambridge University Press
_cc1952
300 _avii, 172p. 21 cm
500 _aIncludes index. This translation originally published as Plato's examination of pleasure, 1945
650 _aPleasure
990 _a498caaf9ac10000c2652363cf22016be
991 _a291824
999 _c282972
_d282972